|
|
|
|
| LEADER |
00000nab a2200000 a 4500 |
| 001 |
vtls001010974 |
| 003 |
SK-MaSNL |
| 005 |
20260303041821.0 |
| 008 |
040720e20021004xo 0 slo |
| 035 |
|
|
|a RV11574
|
| 040 |
|
|
|a RVGKPD
|b slo
|c RVGKPD
|e AACR2
|
| 041 |
0 |
|
|a slo
|
| 044 |
|
|
|a xo
|c SK
|
| 080 |
|
|
|a 796.85
|2 1981
|
| 100 |
0 |
|
|a (mark)
|4 aut
|9 956164
|
| 245 |
1 |
0 |
|a Prešovský úspech
|
| 500 |
|
|
|a liga krajská
|
| 610 |
2 |
7 |
|a Judo Club pri TJ Elán (Rožňava, Slovensko)
|2 RVGKPD
|9 1024220
|
| 650 |
0 |
7 |
|a džudo
|2 RVGKPD
|9 3273
|
| 651 |
|
7 |
|a Prešov (Slovensko)
|2 RVGKPD
|9 17347
|
| 651 |
|
7 |
|a Rožňava (Slovensko)
|2 RVGKPD
|9 17394
|
| 773 |
0 |
8 |
|t Rožňavské noviny=Rozsnyói Újság
|g Roč. 10, č.20, 4.10.2002, s. 4
|
| 852 |
|
|
|a ZVYKNI
|b KIS3GCP
|
| 999 |
|
|
|c 1689021
|d 1690951
|